| 000 | 00513cab a2200205 4500 | ||
|---|---|---|---|
| 001 | ABS60425 | ||
| 008 | 090401t1999 xxu||||| |||| 00| 0 eng d | ||
| 035 | _a(Sirsi) u93020 | ||
| 041 | _aeng | ||
| 100 | _aSchumann, N. | ||
| 245 | _aSurviving specification | ||
| 260 | _c1999 | ||
| 350 | _a0 | ||
| 490 |
_aBuilding _v264(8083) 16 April 1999, 59(1) |
||
| 650 | _aSPECIFICATION WRITING | ||
| 650 | _aSPECIFICATIONS | ||
| 690 | _aBUILT ENVIRONMENT-CONSTRUCTION DESIGN | ||
| 942 | _n0 | ||
| 948 | _c28/04/1999 | ||
| 999 |
_c58955 _d58955 |
||